000 00660nam a2200253Ia 4500
003 OSt
005 20221007101027.0
006 a|||||r|||| 00| 0
007 ta
008 221006b |||||||| |||| 00| 0 eng d
024 _a5,697
037 _cTextual
040 _aLCO
_cLCO
_beng
041 _2eng
_aeng
082 _aW:19, K9
100 _aPALMER N D
_9702506
245 0 _aInternational Relation
260 _aCalcutta
_bScintific Book Agency
_c1969
300 _a799
650 _aINTERNATIONAL RELATION
700 _a PERKINS H C
_9702507
942 _hW:19, K9
_cTEXL
999 _c1175260
_d1175260